<?xml version="1.0" encoding="UTF-8"?>
<record
    xmlns:xsi="http://www.w3.org/2001/XMLSchema-instance"
    xsi:schemaLocation="http://www.loc.gov/MARC21/slim http://www.loc.gov/standards/marcxml/schema/MARC21slim.xsd"
    xmlns="http://www.loc.gov/MARC21/slim">

  <leader>00481nam a2200133Ia 4500</leader>
  <controlfield tag="001">799</controlfield>
  <controlfield tag="008">241024s9999    xx            000 0 und d</controlfield>
  <datafield tag="082" ind1=" " ind2=" ">
    <subfield code="a">RD/374/R426o/4v/2008</subfield>
  </datafield>
  <datafield tag="100" ind1=" " ind2=" ">
    <subfield code="a">Rep&#xFA;blica Dominicana.Secretar&#xED;a de Estado de Educaci&#xF3;n</subfield>
  </datafield>
  <datafield tag="245" ind1=" " ind2="0">
    <subfield code="a">Orientaciones Metodol&#xF3;gicas para Facilitar el Aprendizaje de la Lectoescritura y el C&#xE1;lculo B&#xE1;sico de Personas J&#xF3;venes y Adultas</subfield>
  </datafield>
  <datafield tag="260" ind1=" " ind2=" ">
    <subfield code="b">Ed. Alfa &amp; Omega</subfield>
    <subfield code="c">2008</subfield>
  </datafield>
  <datafield tag="901" ind1=" " ind2=" ">
    <subfield code="a">2/12/2010 2:59:51 p.m.</subfield>
  </datafield>
  <datafield tag="999" ind1=" " ind2=" ">
    <subfield code="c">8438</subfield>
    <subfield code="d">8438</subfield>
  </datafield>
</record>
